Sports Quiz

Random Sports or Soccer Quiz

Juventus: quali sono i 10 difensori più cari? Quiz Stats

 Plays Quiz not verified by Sporcle

Score 0/10 Timer 04:00
0 Plays Today
Classifica Risposta % Correct
3Leonardo Bonucci
94.3%
2Joao Cancelo
78.9%
1Lilian Thuram
75.8%
4Alex Sandro
74.5%
10Mehdi Benatia
49.9%
7Mattia Caldara
40%
8Merih Demiral
33.2%
5Cristian Romero
28.8%
6Luca Pellegrini
26%
9Kwadwo Asamoah
23.9%

You're not logged in!

Compare scores with friends on all Sporcle quizzes.
OR
Log In

Show Comments

Extras

Top Quizzes Today


Score Distribution

Your Account Isn't Verified!

In order to create a playlist on Sporcle, you need to verify the email address you used during registration. Go to your Sporcle Settings to finish the process.

Report this User

Report this user for behavior that violates our Community Guidelines.

Details: